| 000 | 01198nam a2200229Ia 4500 | ||
|---|---|---|---|
| 001 | L100-51804 | ||
| 003 | IT-CnALBA | ||
| 008 | 170116s9999||||xx |||||||||||||| ||und|| | ||
| 040 |
_aIT-CnALBA _cIT-CnALBA |
||
| 041 | _aITALIANO | ||
| 100 | _aPALLANC LUCA PIER PAOLO | ||
| 245 | 0 | _aI FIORI DI EARLY. | |
| 250 | _a1a ed. | ||
| 260 |
_a MESSINA _bSICILIANO ARMANDO ED. _c2000 [1° Ed.:2000 - Ed.Ling.Originale: 2000] |
||
| 300 | _a104 p. | ||
| 500 | _aRICORDI, RICORDI... SOGNI SBOCCIATI IN TRISTI RICORDI. A VOLTE LO SGUARDO DEL CIELO PENETRA LA TUA SOLITUDINE. IRONIA DELLA SORTE. QUALUNQUE COSA O TUTT'ALTRA COSA E TUTTO AVREBBE UGUALMENTE SENSO. IL SENSO DELLE COSE. LO SCORRERE DEL TEMPO LENTO, SCANDIS | ||
| 501 | _aSocietà San Paolo EM - Piazza San Paolo, 14 - 12051 ALBA (CN) (non commercial uses only) ® Copyright 2017 | ||
| 520 | _aRICORDI, RICORDI... SOGNI SBOCCIATI IN TRISTI RICORDI. A VOLTE LO SGUARDO DEL CIELO PENETRA LA TUA SOLITUDINE. IRONIA DELLA SORTE. QUALUNQUE COSA O TUTT'ALTRA COSA E TUTTO AVREBBE UGUALMENTE SENSO. IL SENSO DELLE COSE. LO SCORRERE DEL TEMPO LENTO, SCANDIS | ||
| 650 | _aFILOSOFIA E DISCIPLINE COLLEGATE | ||
| 942 | _cBK | ||
| 957 | _71 | ||
| 999 |
_a68409 _bNO _g Copie: 1 _c310687 _d310687 |
||